000 00618nam a22001937a 4500
082 _aP-867
100 _aAslam, Capt Muhammad Umar
_936102
245 _aSea Water Desalination Plant for Karachi Water Supply
260 _aRisalpur,
_bMCE,
_c2020.
300 _a75 pages.
_c30cm.
526 _a0
_b0
_c0
_dP_867
650 _aWater Resources Engg
_bSyn-26
_936103
700 _aAsghar, Capt Daniyal
_936108
700 _aHaider, Capt Syed Muhammad Ijlal
_936107
700 _aKarim, Capt Rizwan
_936105
700 _aKhan, Capt Maqbool Ahmed
_936106
700 _aSupervisor Dr Irfan Abid
_936104
942 _2ddc
_cBK
999 _c554438
_d554438